MDQL
is popping MORE tags! Check the
thread
!
Quizzes
Events
Quiz Creation
Community
Videos
Private Events
Remove Ads
Sign In
Join for FREE
Feedback
Dark Mode
Quiz Categories
Sports
Geography
Music
Movies
Television
Just For Fun
Miscellaneous
History
Literature
Language
Science
Gaming
Entertainment
Religion
Holiday
For Kids
Quiz Lab
Recent
Popular Today
Quiz Kudos Today
Editor Picks
Curator Picks
Quizzes by...
Day
Popularity
Type
Ratings
Length
Year
Community
Subscriptions
Recent Discussions
Orange Saloon
Badges
Playlists
Quests
Create
Leaderboards
Showdown
Live 5
Trivia Bingo
Activity
Puzzle Library
Sporcle Events
Private Events
Virtual Trivia
Globe League
Become a Host
Pub Owners
SporcleCon
Opinionation
Our Games
Videos
Blog
Mobile Apps
Partnerships
Remove Ads and Go Orange
Feedback
Sports
Athletes
MLB
NBA
NHL
NFL
Soccer
Sports Teams
WWE
NCAA
Football
Premier League
Basketball
Baseball
Hockey
Golf
Tennis
Cricket
Rugby
Auto Racing
Olympics
World Cup
Sports
Athletes
MLB
NBA
NHL
NFL
Soccer
Sports Teams
WWE
NCAA
Football
Premier League
Basketball
Baseball
Hockey
Golf
Tennis
Cricket
Rugby
Auto Racing
Olympics
World Cup
Random Quiz
Search Sporcle
×
Quiz Lab
Quiz Lab
Sports
Football
Type in answers that appear in a list
Type in answers that appear in a list
Classic
Best Score? Go Orange.
NFL Rushing Leaders by Letter and Year (2000-2011) Stats
Can you name the NFL Rushing Leaders by Letter and Year (2000-2011)?
By
NinePointOh
14m
256 Questions
357 Plays
357 Plays
357 Plays
Comments
Comments
Give Quiz Kudos
Give Quiz Kudos
-
- Ratings
hide this ad
More Info
Replay
Link that replays current quiz
Next Quiz
Link to next quiz in quiz playlist
You Got
0%
They Got
Avg Score
69%
Avg Friend Score
Upgrade to see
Score Distribution
Jump to the score distribution portion of the page
Score
0/256
Timer
14:00
0
Plays Today
% Correct
Shaun Alexander
97.7%
Shaun Alexander
97.7%
Shaun Alexander
97.7%
Shaun Alexander
97.7%
Shaun Alexander
97.7%
Edgerrin James
97.2%
Edgerrin James
97.2%
LaDainian Tomlinson
97.2%
Edgerrin James
97.2%
LaDainian Tomlinson
97.2%
Edgerrin James
97.2%
LaDainian Tomlinson
97.2%
Edgerrin James
97.2%
LaDainian Tomlinson
97.2%
Larry Johnson
97.2%
LaDainian Tomlinson
97.2%
Larry Johnson
97.2%
LaDainian Tomlinson
97.2%
Edgerrin James
97.2%
Adrian Peterson
97.2%
LaDainian Tomlinson
97.2%
Adrian Peterson
97.2%
Chris Johnson
97.2%
Adrian Peterson
97.2%
Chris Johnson
97.2%
Adrian Peterson
97.2%
Adrian Peterson
97.2%
Ricky Williams
96.3%
Tiki Barber
96.3%
Ricky Williams
96.3%
Tiki Barber
96.3%
Ricky Williams
96.3%
Tiki Barber
96.3%
Domanick Williams
96.3%
Tiki Barber
96.3%
Cadillac Williams
96.3%
Tiki Barber
96.3%
Marion Barber
96.3%
DeAngelo Williams
96.3%
Ricky Williams
96.3%
Ricky Williams
96.3%
Jerome Bettis
96.1%
Jamal Lewis
96.1%
Jerome Bettis
96.1%
Ahman Green
96.1%
Ahman Green
96.1%
Jamal Lewis
96.1%
Ahman Green
96.1%
Jamal Lewis
96.1%
Ahman Green
96.1%
Jamal Lewis
96.1%
Jamal Lewis
96.1%
Jamal Lewis
96.1%
Jamal Lewis
96.1%
Jamal Lewis
96.1%
Thomas Jones
95.5%
Marshall Faulk
94.9%
Marshall Faulk
94.9%
Marshall Faulk
94.9%
Marshall Faulk
94.9%
Marshall Faulk
94.9%
DeShaun Foster
94.9%
Frank Gore
94.9%
DeShaun Foster
94.9%
Frank Gore
94.9%
Frank Gore
94.9%
Arian Foster
94.9%
Arian Foster
94.9%
Frank Gore
94.9%
Curtis Martin
94.1%
Curtis Martin
94.1%
Curtis Martin
94.1%
Priest Holmes
93.5%
Priest Holmes
93.5%
Priest Holmes
93.5%
Priest Holmes
93.5%
Priest Holmes
93.5%
Priest Holmes
93.5%
Maurice Jones-Drew
93.5%
Clinton Portis
92.7%
Clinton Portis
92.7%
Clinton Portis
92.7%
Clinton Portis
92.7%
Marshawn Lynch
92.7%
Michael Turner
92.7%
Ray Rice
92.7%
% Correct
Michael Turner
92.7%
Marshawn Lynch
92.7%
Ray Rice
92.7%
Michael Turner
92.7%
Marshawn Lynch
92.7%
Ray Rice
92.7%
Michael Turner
92.7%
Michael Vick
92.1%
Michael Vick
92.1%
Michael Vick
92.1%
Michael Vick
92.1%
Michael Vick
92.1%
Michael Vick
92.1%
Michael Vick
92.1%
Michael Vick
92.1%
Michael Vick
92.1%
Corey Dillon
90.4%
Corey Dillon
90.4%
Corey Dillon
90.4%
Joseph Addai
89.9%
Joseph Addai
89.9%
Joseph Addai
89.9%
Joseph Addai
89.9%
Jamaal Charles
89.9%
Joseph Addai
89.9%
Jamaal Charles
89.9%
Joseph Addai
89.9%
Robert Smith
88.7%
Antowain Smith
88.7%
Antowain Smith
88.7%
Emmitt Smith
88.7%
Antowain Smith
88.7%
Musa Smith
88.5%
Lesean McCoy
88.5%
Stephen Davis
88.2%
Deuce McAllister
88.2%
Stephen Davis
88.2%
Deuce McAllister
88.2%
Deuce McAllister
88.2%
Rashard Mendenhall
87.6%
Peyton Hillis
87.6%
Rashard Mendenhall
87.6%
Fred Taylor
87.3%
Jonathan Stewart
87.3%
Jonathan Stewart
87.3%
Jonathan Stewart
87.3%
Ahmad Bradshaw
86.8%
Brian Westbrook
85.4%
Brian Westbrook
85.4%
Matt Forte
85.4%
Matt Forte
85.4%
Mike Anderson
85.1%
Warrick Dunn
84.2%
Warrick Dunn
84.2%
Warrick Dunn
84.2%
Ryan Grant
82.5%
Ryan Grant
82.5%
Willie Parker
82.3%
Ronnie Brown
82%
Cedric Benson
81.4%
Reggie Bush
81.4%
Eddie George
80.8%
Willis McGahee
80%
Willis McGahee
80%
Vince Young
79.4%
Vince Young
79.4%
Vince Young
79.4%
Vince Young
79.4%
Selvin Young
79.2%
Selvin Young
79.2%
Chris Wells
78.3%
BenJarvus Green-Ellis
76.1%
Dominic Rhodes
72.4%
Dominic Rhodes
72.4%
Dominic Rhodes
72.4%
Dominic Rhodes
72.4%
Dominic Rhodes
72.4%
Dominic Rhodes
72.4%
Dominic Rhodes
72.4%
Cam Newton
70.4%
Steve Slaton
69%
Duce Staley
64.5%
Ricky Watters
60.6%
Chris Ivory
60.3%
Justin Fargas
59.7%
Mark Ingram
59.7%
% Correct
Delone Carter
56.6%
Roy Helu
54.6%
Amos Zereoue
51%
Amos Zereoue
51%
Amos Zereoue
51%
Amos Zereoue
51%
Amos Zereoue
51%
Amos Zereoue
51%
Daunte Culpepper
50.4%
Daunte Culpepper
50.4%
Daunte Culpepper
50.4%
Jerome Harrison
48.7%
Tim Hightower
48.2%
Jerious Norwood
47.3%
Jerious Norwood
47.3%
Jerious Norwood
47.3%
Jerious Norwood
47.3%
Jonathan Quinn
45.1%
Jonathan Quinn
45.1%
Brady Quinn
45.1%
Brady Quinn
45.1%
John Kuhn
44.8%
John Kuhn
44.8%
Le'Ron McClain
43.7%
Travis Henry
40.6%
Ron Dayne
38.9%
Marc Edwards
38.6%
Robert Edwards
38.6%
Trent Edwards
38.6%
Trent Edwards
38.6%
Trent Edwards
38.6%
David Carr
37.7%
David Carr
37.7%
Michael Pittman
33.5%
Michael Pittman
33.5%
Trung Canidate
32.1%
Trung Canidate
32.1%
Dorsey Levens
31.5%
Heath Evans
31.5%
Lee Evans
31.5%
Heath Evans
31.5%
Heath Evans
31.5%
Napolean Kaufman
29.9%
Lorenzo Neal
27.3%
Lorenzo Neal
27.3%
Tashard Choice
26.2%
Julian Edelman
26.2%
Andy Dalton
25.6%
Curtis Enis
23.7%
Tony Richardson
23.7%
Tony Richardson
23.7%
Kyle Orton
21.1%
Kyle Orton
21.1%
Chris Ogbonnaya
18.9%
Terrell Owens
18.3%
Jon Kitna
18.3%
Terrell Owens
18.3%
Jon Kitna
18.3%
Jon Kitna
18.3%
Jon Kitna
18.3%
Terrell Owens
18.3%
Anthony Dixon
16.6%
Deji Karim
12.4%
Raghib Ismail
8.7%
Raghib Ismail
8.7%
Dennis Northcutt
8.2%
Dennis Northcutt
8.2%
Dennis Northcutt
8.2%
Dennis Northcutt
8.2%
Kenton Keith
8.2%
J.T. O'Sullivan
8.2%
Aaron Stecker
4.8%
Kenneth Darby
4.5%
Dimitri Nance
4.2%
Jerheme Urban
4.2%
Cedric Houston
3.9%
Eddie Kennison
3.7%
Mike Karney
3.7%
Neil O'Donnell
3.1%
Terry Kirby
2.8%
Kyle Eckel
2%
Kassim Osgood
1.7%
Craig Yeast
1.4%
Jesse Chatman
1.4%
Quiz Playlist
Details
Report
Send in Message
Add To Playlist
More Info:
Credit goes to Lauro for the quiz format
Classic:
Type in answers that appear in a list
Quiz Source
Last Updated: Feb 16, 2017
Quiz Scoreboard
CHALLENGE
Sign Up to Join the Scoreboard
Show All
Scores
Hide
Comments
May contain spoilers
Recently Published
Colored Red Africa Blitz
by spor1
Geography
30s
Find the 'City' Movie
by crazypaving
Movies
60s
5x2 Blitz: Bands
by SL_Kpop136
Music
30s
More to Explore
Quiz From the Vault
Featured Blog Post
14 Easter Pick-up Lines to Find Eggs With
hide this ad
You Might Also Like...
Tags
Football Quiz
Letter Quiz
NFL Quiz
Running Backs
Rushing
Rushing Leaders
Rushing Yards
Stats Leaders
Today's Top Quizzes in Sports
Browse Sports
hide this ad
Today's Top Quizzes in Football
Browse Football
Top Contributed Quizzes in Sports
1
Players with Multiple 50 Home Run Seasons
2
Les entraîneurs de l'OM et du PSG au 21e siècle
3
Criteria MLB: Left Handed Sluggers
4
2022 World Cup Stars
5
Les meilleurs buteurs des matchs entre le PSG et l’OM
6
Who Hit More Homers?
7
Les joueurs passés par le PSG et l'OM
8
NBA Logic Puzzle 2.0
9
Top 10 NHL Goal Scorers of All Time
10
MLB Players with Two .350 Batting Average Seasons
Explore More
Trending Topics
Disney
Marvel
Harry Potter
Kpop
Crossword
NBA
Anime
WWE
Song
NFL
The Office
Puzzle
Soccer
Pokémon
Country
hide this ad
More By:
NinePointOh
Quiz
Plays
Rating
Category
Featured
Created
Dallas Cowboys yearly rushing leaders
550
5.00
Sports
Aug 26, 2010
NFL 150-Yard Rushing Games After Age 30
501
4.43
Sports
Oct 4, 2010
NFL Rushing Leaders by Letter and Year (2000-2011)
357
4.83
Sports
Jun 4, 2012
NFL - Most-sacked rookie QBs since 2000
219
5.00
Sports
Oct 4, 2010
Active NFL Games Started Leaders
188
4.67
Sports
Aug 26, 2010
Go to Creator's Profile
Score Distribution
Quiz Creator Spotlight
NinePointOh
Follow
Send a Message
Quizzes Created
-
Created Quiz Play Count
-
More By This Creator
Popular Quizzes Today
1
Colored Red Africa Blitz
2
Find the 'City' Movie
3
Find the US States - No Outlines Minefield
4
5x2 Blitz: Bands
5
The Countries of the World
6
Find the US States
7
US States
8
9x9 Crossword: Cartoon Network
More Sports Quizzes
Inter Milan Top Goal Scorers in Serie A Since 2000
Quiz Lab
Trending Quizzes
Colored Red Europe Blitz I
Colored Red Europe Blitz II
Colored Red Africa Blitz II
Colored Red Africa Blitz III
Colored Red Europe Blitz III
Recently Updated
Godzilla Movies
pecheneg
Grab Bag: 4-10 Letters
pecheneg
2024 March Madness Bracket
pecheneg
Famous TV Couples
Peacemaker
Champions League XIs: Real Madrid
pecheneg
Largest US Cities 1790-2010
pecheneg
Rides in Walt Disney World
pecheneg
Most Oscar Losses (Acting)
pecheneg
Beyoncé Albums
pecheneg
Leaping Animals
pecheneg
Trending Topics
Kpop
Disney
Marvel
Harry Potter
NBA
Anime
Crossword
Pokémon
Soccer
Puzzle
Country
The Office
Song
WWE
NFL
Your Account Isn't Verified!
In order to create a playlist on Sporcle, you need to verify the email address you used during registration. Go to your
Sporcle Settings
to finish the process.
Report this User
Report this user for behavior that violates our
Community Guidelines
.
Details:
Send Report
Go to the Sporcle.com Mobile Site →
Comments